Dạy con trẻ cách tư duy

Wedi'i Gadw mewn:
Manylion Llyfryddiaeth
Prif Awdur: edward, de Bono
Fformat: Llyfr
Iaith:Vietnamese
Cyhoeddwyd: Hà Nội Thế giới 2017
Pynciau:
Tagiau: Ychwanegu Tag
Dim Tagiau, Byddwch y cyntaf i dagio'r cofnod hwn!
Thư viện lưu trữ: Trung tâm Học liệu Lê Vũ Hùng, Trường Đại học Đồng Tháp
LEADER 00695pam a22002298a 4500
001 00040599
005 20171213131255.0
008 121120s1999 ||||||viesd
020 # # |a 978 604 77 2987 6  |c 119000 
041 0 # |a Vie 
082 1 4 |a 649  |b D112C 
100 1 # |a edward, de Bono 
245 0 0 |a Dạy con trẻ cách tư duy  |c edward de Bono; Bình Minh (dịch) 
260 # # |a Hà Nội  |b Thế giới  |c 2017 
300 # # |a 419 tr.  |c 21cm. 
653 # # |a Giáo dục 
653 # # |a Nuôi dạy trẻ 
653 # # |a Tư duy 
653 # # |a gia đình 
852 # # |j KD.0022913 
910 |d 13/12/2017 
980 # # |a Trung tâm Học liệu Lê Vũ Hùng, Trường Đại học Đồng Tháp